000 00356 a2200145 4500
001 153793
040 _cEscola São Tomás de Aquino
100 _aPORTES,Maximiano Max de Figueiredo
240 1 0 _aPassa,passa...passará?!
_lpor
245 1 0 _aPassa,passa...passará?!
362 0 _a2002
440 1 _aRHJ
697 _a*LITERATURA INFANTIL
942 _cBK
999 _c153793
_d153793